| 000 | 00439nam a2200157 4500 | ||
|---|---|---|---|
| 001 | 106965 | ||
| 003 | ES-MaACL | ||
| 007 | t| | ||
| 008 | 061121s1942 ag r ||||1| spa d | ||
| 100 | 1 |
_aMoragues Bernat, Jaime. _982926 |
|
| 245 | 1 | 0 |
_aClínica obstétrica / _cJaime Moragues Bernat. |
| 250 | _a2.ª ed. | ||
| 260 |
_aBuenos Aires : _bEl Ateneo, _c1942. |
||
| 300 |
_a900 p. : _b1 lám ; _c25 cm. |
||
| 852 |
_aES-MaACL _jE-53 _bR.21713 |
||
| 999 |
_c106965 _d106965 |
||